AK’s General Knowledge A-Z #78 - Statistics

General Stats
  • This quiz has been taken 272 times
  • The average score is 15 of 26
Answer Stats
Hint Answer % Correct
J – a saw with fine teeth and a narrow blade, or a ______ puzzle Jigsaw
88%
O – O in LOL Out
87%
S – salt in Italian, or reduced prices in shops Sale
86%
B – first name used by actor and Academy Awards host Hope, or who’s your uncle Bob
85%
C – singer (“Layla”) and influential guitarist Eric Clapton
84%
D – Nintendo's charming ape ______ Kong who actually started out as Mario’s enemy back in the arcades Donkey
83%
A – the nearest large galaxy to the Milky Way Andromeda Galaxy
80%
Y – West Germanic language historically spoken by Ashkenazi Jews Yiddish
80%
P – not kilogramme, not dollar Pound
74%
M – U.S. state where the official state cat is _____ Coon, “the gentle giant” Maine
71%
L – Charles who flew a plane for 33 hours and 30 minutes in 1927 Lindbergh
61%
N – where plants or children grow Nursery
61%
I – animal belonging to the taxonomical phylum Arthropoda; they account for over half of all known living organisms Insect
60%
V – Eric Carle’s children’s picture book The ____ ______ Caterpillar Very Hungry
60%
W – Monsoon _______, 2001 film about preparations for an arranged marriage in India Wedding
54%
H – first name of James who wrote The Portrait of a Lady Henry
53%
T – “Come on let's _____ again like we did last summer; Yeah, let's _____ again like we did last year” Twist
51%
E – country that merged with Syria in 1958 to form the United Arab Republic Egypt
50%
Z – Spanish apparel retailer based in Arteixo and specializing in fast fashion Zara
44%
K – stand-up combat sports practiced for self-defence, general fitness, or as a contact sport; “piedbato-bokso” in Esperanto Kickboxing
43%
F – the first word in the official name of the country whose capital is Palikir Federated
42%
R – the third-most populous city in Argentina; the name means prayer beads Rosario
42%
U – an illegitimate or controversial claimant to power, like King Robert I Baratheon (according to some) Usurper
42%
G – as _______ as a three-dollar bill Genuine
18%
Q – nickname of X-Men’s Quire (aka Kid Omega), or biathlete _______ Fillon Maillet Quentin
12%
X – a branch of xenology dealing with extraterrestrial cultures, which is a hypothetical form of archaeology Xenoarchaeology
4%
No matching quizzes found
Score Distribution
Percent of People with Each Score
Percentile by Number Answered
Your Score History
You have not taken this quiz